Guess the country 10 - Statistics

General Stats
  • This quiz has been taken 22 times
  • The average score is 9 of 16
Answer Stats
Picture Answer % Correct
Austria
95%
Iceland
95%
Iran
90%
Iran
90%
Greece
86%
Ukraine
76%
Israel
71%
Taiwan
67%
Singapore
52%
Kosovo
48%
Namibia
48%
Bahrain
29%
Grenada
24%
Guinea-Bissau
24%
Saint Lucia
24%
El Salvador
19%
No matching quizzes found
Score Distribution
Percent of People with Each Score
Percentile by Number Answered
Your Score History
You have not taken this quiz